LEADER 01215nam a2200265 i 4500 001 000000040846 003 CaOOAMICUS 005 20260604145600.0 008 040917s1992 it u000 u ita u 020 $a8805051578 040 $aSeMil$bita 100 1 $aDuby, Georges,$d<1919-1996>.$0(OLS)http://semarc/name/5085 240 10$aAtlas historique.$0(OLS)http://semarc/title/15978 245 10$aAtlante storico :$bla storia del mondo in 317 carte /$cGeorges Duby ; edizione italiana a cura di Francesco Traniello. 264 1$aTorino :$bSocietà Editrice Internazionale,$c1992. 300 $a314 p. :$bcarte geografiche ;$c24 cm. 650 4$aAtlanti storici.$0(OLS)http://semarc/subject/3031 700 1 $aTraniello, Francesco,$d<1936- >.$0(OLS)http://semarc/name/602 850 $aSeMil 852 $aSeMil$W1$xVenegono$y1$mSL1.G II 1$j272909$B7001$CSeMilBibl$Z2$F7001 $8I 961 $aOmaggio: Ciprandi dott. Paolo 996 $6020$a8805051578$9(OLS)http://semarc/number/11296 996 $6245$aAtlante storico :$bla storia del mondo in 317 carte$9(OLS)http://semarc/title/58866 996 $6264$aTorino :$bSocietà Editrice Internazionale$9(OLS)http://semarc/publisher/29847